000 01545nam a2200253Ia 4500
999 _c52649
_d52649
001 19673
003 GE_BSU
005 20200319211922.0
008 181216s1981||||ge |||||||||||||| ||ge ||
040 _cGE_BSU
041 _ageo
080 _a811.353.1(09) შ-21
100 _aშანიძე, აკაკი.
_95491
245 _aთხზულებანი თორმეტ ტომად = Сочинения в двенадцати томахტომი 2 : ქართული ენის სტრუქტურისა და ისტორიის საკითხები /
_cაკაკი შანიძე ; რედ. შოთა ძიძიგური ; ტომის რედ. კ. დანელია.
264 _aთბილისი :
_bმეცნიერება,
_c1981.
300 _a544 გვ. :
_b1 ფ. პორტრ. ;
_c22 სმ.
500 _aშენიშვნ. გვ.530-532. - საძიებლები გვ.533-542. - დანართი: ქართული ზმნის საქცევი
653 _aქართული ენა
653 _aქართული ენის ისტორია
700 _aძიძიგური, შოთა
_eრედაქტორი
_97695
700 _a დანელია, კ.
_eტომის რედაქტორი
_97767
710 _aსაქართველოს სსრ მეცნიერებათა აკადემია
_97768
942 _cBK
_2udc